[Event "POL-chT 1st League"]
[Site "Jastrzebia Gora"]
[Date "2015.09.13"]
[Round "9.27"]
[White "Szymanski, Marcin"]
[Black "Mulet, Piotr"]
[Result "1/2-1/2"]
[WhiteElo "2398"]
[BlackElo "2234"]
[PlyCount "100"]
[EventDate "2015.09.05"]
[EventType "team-tourn"]
[EventRounds "9"]
[EventCountry "POL"]
[SourceTitle "EXT 2016"]
[Source "ChessBase"]
[SourceDate "2015.10.08"]
[SourceVersion "1"]
[SourceVersionDate "2015.10.08"]
[SourceQuality "1"]
[WhiteTeam "Miedzyborow Wrzos"]
[BlackTeam "Pawlowice Gminy"]
[WhiteTeamCountry "POL"]
[BlackTeamCountry "POL"]

1. d4 Nf6 2. c4 g6 3. Nc3 d5 4. cxd5 Nxd5 5. Bd2 Nb6 6. Bg5 Bg7 7. e3 0-0 8. Nf3 h6 9. Bh4 Be6 10. Be2 Nc4 11. 0-0 c6 12. Qc2 Nd7 13. Rad1 Ncb6 14. e4 Re8 15. Rfe1 Rc8 16. h3 Bc4 17. Bxc4 Nxc4 18. e5 Nf8 19. Ne4 Qd5 20. b3 Na3 21. Qc1 Nb5 22. a4 Nc7 23. Qc4 Nfe6 24. Qb4 a5 25. Qa3 g5 26. Bg3 Rcd8 27. Nc3 Qd7 28. b4 b6 29. bxa5 bxa5 30. Ne4 Rb8 31. Qc3 Rb4 32. Rc1 Nxd4 33. Nxd4 Rxd4 34. Qxa5 Ne6 35. Nc5 Qd5 36. Qb6 Nf4 37. Bxf4 gxf4 38. e6 f3 39. exf7+ Kxf7 40. Ne6 Rg8 41. Nc7 Be5 42. Nxd5 Rxg2+ 43. Kf1 Rh2 44. Kg1 Rg2+ 45. Kf1 Rh2 46. Kg1 Rg4+ 47. hxg4 Rg2+ 48. Kf1 Rh2 49. Kg1 Rg2+ 50. Kf1 Rh2 1/2-1/2

[Event "POL-chT"]
[Site "Warsaw"]
[Date "2012.05.04"]
[Round "1.5"]
[White "Szymanski, Marcin"]
[Black "Le Roux, Jean Pierre"]
[Result "0-1"]
[WhiteElo "2416"]
[BlackElo "2551"]
[PlyCount "88"]
[EventDate "2012.05.04"]
[EventType "team-tourn"]
[EventRounds "9"]
[EventCountry "POL"]
[SourceTitle "CBM 148 Extra"]
[Source "ChessBase"]
[SourceDate "2012.06.22"]
[SourceVersion "1"]
[SourceVersionDate "2012.06.22"]
[SourceQuality "1"]
[WhiteTeam "Miedzyborow Wrzos"]
[BlackTeam "Ostroda"]
[WhiteTeamCountry "POL"]
[BlackTeamCountry "POL"]

1. d4 Nf6 2. c4 g6 3. Nc3 d5 4. Nf3 Bg7 5. Bf4 0-0 6. e3 c5 7. dxc5 Qa5 8. Rc1 dxc4 9. Bxc4 Nc6 10. 0-0 Qxc5 11. Nb5 Qh5 12. h3 Bd7 13. Be2 Qd5 14. Qa4 Rad8 15. Rfd1 Qh5 16. Nfd4 Nxd4 17. Bxh5 Bxb5 18. Qa5 b6 19. Qd2 Nc6 20. Qc2 Nxh5 21. a4 Nxf4 22. axb5 Nb4 23. Qc4 Nfd3 24. Qc7 Be5 25. Qxe7 Bd6 26. Qf6 Be5 27. Qh4 Rd5 28. Rc4 Rxb5 29. Rxb4 Rxb4 30. Qe7 Nxb2 31. Rd5 Bc3 32. Qxa7 Nc4 33. Qc7 b5 34. Qc6 Rb1+ 35. Kh2 Nd2 36. Rxb5 Nf1+ 37. Kg1 Rc1 38. Rc5 Nxe3+ 39. Kh2 Nd1 40. Qf3 Re8 41. g3 Rc2 42. Qxd1 Rxf2+ 43. Kg1 Rd2 44. Qc1 Bd4+ 0-1

[Event "EU-ch rapid"]
[Site "Warsaw"]
[Date "2011.12.18"]
[Round "12"]
[White "Szymanski, Marcin"]
[Black "Zhigalko, Sergei"]
[Result "0-1"]
[WhiteElo "2416"]
[BlackElo "2651"]
[PlyCount "64"]
[EventDate "2011.12.17"]
[EventType "swiss (rapid)"]
[EventRounds "13"]
[EventCountry "POL"]
[SourceTitle "CBM 145 Extra"]
[Source "ChessBase"]
[SourceDate "2012.01.03"]
[SourceVersion "1"]
[SourceVersionDate "2012.01.03"]
[SourceQuality "1"]

1. d4 Nf6 2. c4 e6 3. Nc3 Bb4 4. Qc2 0-0 5. e4 d5 6. e5 Ne4 7. Bd3 c5 8. Nge2 cxd4 9. Nxd4 Nd7 10. Bf4 Ndc5 11. 0-0 Bxc3 12. bxc3 Bd7 13. cxd5 Ba4 14. Nb3 Qxd5 15. Bxe4 Qxe4 16. Qxe4 Nxe4 17. Rac1 Rac8 18. c4 Rfd8 19. f3 Nc5 20. Nxc5 Rxc5 21. Be3 Ra5 22. Rf2 h6 23. Rb2 Bc6 24. Kf2 Rd3 25. Rcc2 a6 26. c5 Rd5 27. f4 Rd3 28. Rd2 Rda3 29. Re2 Bd5 30. Red2 R5a4 31. c6 Bxc6 32. Bc5 Rxf4+ 0-1

[Event "POL-chT 2nd League"]
[Site "Mrzezyno"]
[Date "2011.09.10"]
[Round "8.8"]
[White "Kolago, Marcin"]
[Black "Szymanski, Marcin"]
[Result "0-1"]
[WhiteElo "2351"]
[BlackElo "2416"]
[PlyCount "152"]
[EventDate "2011.09.03"]
[EventType "team-swiss"]
[EventRounds "9"]
[EventCountry "POL"]
[SourceTitle "EXT 2019"]
[Source "ChessBase"]
[SourceDate "2018.10.10"]
[SourceVersion "1"]
[SourceVersionDate "2018.10.10"]
[SourceQuality "1"]
[WhiteTeam "Pawlowice GKS Pniowek 74"]
[BlackTeam "Miedzyborow Wrzos"]
[WhiteTeamCountry "POL"]
[BlackTeamCountry "POL"]

1. e4 e6 2. Qe2 Nc6 3. Nf3 e5 4. g3 Nf6 5. c3 d5 6. d3 dxe4 7. dxe4 a5 8. Bg2 Bc5 9. 0-0 0-0 10. Nh4 b6 11. Rd1 Bg4 12. Bf3 Qc8 13. Be3 Bxe3 14. Qxe3 h6 15. Na3 Be6 16. Be2 Rd8 17. Rxd8+ Qxd8 18. Nb5 Qe7 19. Nf5 Bxf5 20. exf5 Rd8 21. Rd1 Rxd1+ 22. Bxd1 e4 23. f3 Qe5 24. Be2 exf3 25. Qxf3 Ne7 26. Qa8+ Kh7 27. Qf3 Nxf5 28. Nxc7 Nxg3 29. hxg3 Qxc7 30. Bd3+ Kh8 31. Qa8+ Ng8 32. Kh2 g6 33. Qd5 Kg7 34. Qd4+ Nf6 35. Bb5 Qc5 36. Qxc5 bxc5 37. Bc6 Kf8 38. a3 Ke7 39. b4 axb4 40. axb4 cxb4 41. cxb4 Ng4+ 42. Kh3 Ne5 43. Bb5 Kd6 44. Be2 Nc6 45. Bc4 Ne5 46. Be2 Kd5 47. b5 Kc5 48. g4 g5 49. Kg3 f6 50. Kf2 Nf7 51. Ke3 Nd6 52. b6 Kxb6 53. Kd4 Kc6 54. Bf3+ Kd7 55. Kd5 Ke7 56. Bd1 Nb5 57. Bc2 Nc7+ 58. Ke4 Ne6 59. Bb1 Ng7 60. Ba2 f5+ 61. gxf5 Kf6 62. Bd5 Nxf5 63. Bc6 Ne7 64. Bd7 h5 65. Bh3 Ng6 66. Bd7 g4 67. Bc8 Kg5 68. Bd7 h4 69. Ke3 Ne7 70. Be6 Nf5+ 71. Kf2 Kf4 72. Bc8 h3 73. Bd7 g3+ 74. Kg1 h2+ 75. Kg2 Ne3+ 76. Kh1 Nd1 0-1

[Event "POL-chT 2nd League"]
[Site "Mrzezyno"]
[Date "2011.09.06"]
[Round "4"]
[White "Szymanski, Marcin"]
[Black "Fengier, Winicjusz"]
[Result "1-0"]
[WhiteElo "2416"]
[BlackElo "2073"]
[PlyCount "53"]
[EventDate "2011.09.03"]
[EventType "team-swiss"]
[EventRounds "9"]
[EventCountry "POL"]
[SourceTitle "EXT 2015"]
[Source "ChessBase"]
[SourceDate "2014.11.20"]
[SourceVersion "1"]
[SourceVersionDate "2014.11.20"]
[SourceQuality "1"]
[WhiteTeam "Miedzyborow Wrzos"]
[BlackTeam "Gniezno LKS Chrobry"]
[WhiteTeamCountry "POL"]
[BlackTeamCountry "POL"]

1. d4 c5 2. d5 Nf6 3. c4 b5 4. cxb5 a6 5. b6 Qxb6 6. Nc3 g6 7. Nf3 Bg7 8. e4 d6 9. Nd2 Qc7 10. Be2 0-0 11. Nc4 Bd7 12. a4 a5 13. Bf4 Ne8 14. Qd2 Qb7 15. Bh6 Qb4 16. h4 f5 17. e5 dxe5 18. h5 f4 19. hxg6 hxg6 20. d6 e6 21. Qd3 e4 22. Qxe4 Bxc3+ 23. Kf1 Rf5 24. Qxa8 Bc6 25. d7 Bxd7 26. bxc3 Qxc3 27. Rd1 1-0

[Event "Olomouc op"]
[Site "Olomouc"]
[Date "2011.08.08"]
[Round "6"]
[White "Szymanski, Marcin"]
[Black "Rjabzev, Konstantin"]
[Result "1-0"]
[WhiteElo "2410"]
[BlackElo "2271"]
[PlyCount "77"]
[EventDate "2011.08.04"]
[EventType "swiss"]
[EventRounds "9"]
[EventCountry "CZE"]
[SourceTitle "CBM 143 Extra"]
[Source "ChessBase"]
[SourceDate "2011.08.29"]
[SourceVersion "1"]
[SourceVersionDate "2011.08.29"]
[SourceQuality "1"]

1. d4 d6 2. Nf3 g6 3. c4 Bg7 4. e4 Nd7 5. Nc3 e5 6. Be2 Ne7 7. 0-0 0-0 8. Be3 exd4 9. Nxd4 Nc6 10. Qd2 Nxd4 11. Bxd4 Bxd4 12. Qxd4 Qf6 13. Qd2 Nb6 14. f4 Qe7 15. Bd3 f6 16. Rae1 Bd7 17. Nd5 Nxd5 18. exd5 Qg7 19. f5 g5 20. Qf2 b6 21. b4 Rfe8 22. c5 Rxe1 23. Rxe1 Be8 24. Qd4 Qf8 25. c6 a5 26. b5 Kg7 27. Re6 Rc8 28. h4 h6 29. hxg5 hxg5 30. Be2 Rd8 31. Qe3 Kg8 32. Re7 Bf7 33. Rxc7 Re8 34. Qf2 Qh6 35. Rd7 Bh5 36. Bf1 g4 37. Rxd6 Qg5 38. g3 Bf7 39. c7 1-0

[Event "Olomouc op"]
[Site "Olomouc"]
[Date "2011.08.05"]
[Round "2"]
[White "Szymanski, Marcin"]
[Black "Navratil, Jiri2222"]
[Result "1-0"]
[WhiteElo "2410"]
[BlackElo "2043"]
[PlyCount "95"]
[EventDate "2011.08.04"]
[EventType "swiss"]
[EventRounds "9"]
[EventCountry "CZE"]
[SourceTitle "CBM 143 Extra"]
[Source "ChessBase"]
[SourceDate "2011.08.29"]
[SourceVersion "1"]
[SourceVersionDate "2011.08.29"]
[SourceQuality "1"]

1. d4 d5 2. c4 c6 3. e3 Nf6 4. Nc3 e6 5. Nf3 Nbd7 6. Bd3 dxc4 7. Bxc4 b5 8. Bd3 Bb7 9. e4 b4 10. Na4 c5 11. e5 Nd5 12. Ng5 Be7 13. Qh5 g6 14. Qh6 cxd4 15. Qg7 Rf8 16. Nxh7 Qa5 17. b3 Nc3 18. 0-0 Qxe5 19. Qxe5 Nxe5 20. Nxc3 Rh8 21. Bb5+ Nc6 22. Ne2 Rxh7 23. Nxd4 Bf6 24. Nxc6 Bxa1 25. Na5+ Kd8 26. Nxb7+ Kc7 27. Nc5 Kb6 28. Be2 Rah8 29. Na4+ Kc6 30. h3 Bd4 31. Bd2 a5 32. Rc1+ Kd6 33. Bf3 Rd8 34. a3 bxa3 35. Bxa5 a2 36. Bxd8 Rh8 37. Bb6 Rc8 38. Rd1 a1Q 39. Rxa1 Bxa1 40. g3 Rc1+ 41. Kg2 Rb1 42. b4 e5 43. Be4 Rb3 44. Bc5+ Kc7 45. Bc2 Ra3 46. b5 Ra2 47. b6+ Kc8 48. Be4 1-0

[Event "POL-chT 2st League"]
[Site "Mrzezyno"]
[Date "2010.09.08"]
[Round "5.38"]
[White "Szymanski, Marcin"]
[Black "Kolago, Marcin"]
[Result "1/2-1/2"]
[WhiteElo "2411"]
[BlackElo "2328"]
[PlyCount "31"]
[EventDate "2010.09.04"]
[EventType "team-swiss"]
[EventRounds "9"]
[EventCountry "POL"]
[SourceTitle "EXT 2019"]
[Source "ChessBase"]
[SourceDate "2018.10.10"]
[SourceVersion "1"]
[SourceVersionDate "2018.10.10"]
[SourceQuality "1"]
[WhiteTeam "Miedzyborow Wrzos"]
[BlackTeam "Pawlowice GKS Pniowek 74"]
[WhiteTeamCountry "POL"]
[BlackTeamCountry "POL"]

1. d4 g6 2. c4 Nf6 3. Nc3 Bg7 4. Nf3 0-0 5. Bg5 c6 6. e3 a6 7. a4 a5 8. Be2 Na6 9. 0-0 d6 10. Qb3 Qc7 11. Rac1 Re8 12. Rfd1 Bf5 13. Nh4 Bc8 14. Nf3 Bf5 15. Nh4 Bc8 16. Nf3 1/2-1/2

[Event "POL-chT 2st League"]
[Site "Mrzezyno"]
[Date "2010.09.07"]
[Round "4.20"]
[White "Szymanski, Marcin"]
[Black "Chojnacki, Slawomir"]
[Result "1-0"]
[WhiteElo "2411"]
[BlackElo "2268"]
[PlyCount "71"]
[EventDate "2010.09.04"]
[EventType "team-swiss"]
[EventRounds "9"]
[EventCountry "POL"]
[SourceTitle "EXT 2019"]
[Source "ChessBase"]
[SourceDate "2018.10.10"]
[SourceVersion "1"]
[SourceVersionDate "2018.10.10"]
[SourceQuality "1"]
[WhiteTeam "Miedzyborow Wrzos"]
[BlackTeam "Chroscice LZS Victoria"]
[WhiteTeamCountry "POL"]
[BlackTeamCountry "POL"]

1. d4 d5 2. c4 e6 3. Nc3 c6 4. e3 f5 5. Bd3 Nf6 6. Nge2 Bd6 7. f3 0-0 8. Bd2 a6 9. c5 Bc7 10. Qc2 e5 11. Bxf5 Bxf5 12. Qxf5 Nbd7 13. 0-0 Qe7 14. Qh3 Rfe8 15. Rae1 Qf7 16. Ng3 Re6 17. f4 exf4 18. exf4 Rae8 19. Rxe6 Qxe6 20. Qxe6+ Rxe6 21. b4 Re8 22. Rf2 Nf8 23. Rf3 Ne6 24. Nge2 a5 25. a3 axb4 26. axb4 Ra8 27. f5 Nf8 28. Bf4 Bxf4 29. Rxf4 N8d7 30. b5 cxb5 31. Nxb5 b6 32. c6 Nb8 33. c7 Na6 34. Rf1 Rc8 35. Nf4 Kf8 36. Nd3 1-0

[Event "POL-chT 2st League"]
[Site "Mrzezyno"]
[Date "2010.09.06"]
[Round "3.32"]
[White "Bardeli, Lukasz"]
[Black "Szymanski, Marcin"]
[Result "1/2-1/2"]
[WhiteElo "2335"]
[BlackElo "2411"]
[PlyCount "77"]
[EventDate "2010.09.04"]
[EventType "team-swiss"]
[EventRounds "9"]
[EventCountry "POL"]
[SourceTitle "EXT 2019"]
[Source "ChessBase"]
[SourceDate "2018.10.10"]
[SourceVersion "1"]
[SourceVersionDate "2018.10.10"]
[SourceQuality "1"]
[WhiteTeam "Gniezno LKS Chrobry"]
[BlackTeam "Miedzyborow Wrzos"]
[WhiteTeamCountry "POL"]
[BlackTeamCountry "POL"]

1. Nf3 Nf6 2. c4 e6 3. g3 d5 4. b3 c5 5. Bg2 Nc6 6. cxd5 exd5 7. 0-0 Be7 8. d4 0-0 9. Nc3 Bg4 10. dxc5 Bxc5 11. Bb2 Qd7 12. Na4 Be7 13. Rc1 b6 14. h3 Be6 15. Ng5 Rac8 16. Nxe6 fxe6 17. e4 d4 18. e5 Nxe5 19. Qxd4 Qxd4 20. Bxd4 Nd3 21. Rcd1 Nb4 22. Nc3 Nc2 23. Be5 Rc5 24. Bxf6 Bxf6 25. Ne4 Rc7 26. h4 Kf7 27. Nd6+ Ke7 28. Nb5 Rc5 29. Nxa7 Nd4 30. Rxd4 Bxd4 31. Nc6+ Rxc6 32. Bxc6 Rd8 33. Re1 Bc5 34. Re2 Rd1+ 35. Kg2 Kd6 36. Bb5 Bb4 37. f4 Rd2 38. Rxd2+ Bxd2 39. Kf3 1/2-1/2

[Event "POL-chT 64th"]
[Site "Karpacz"]
[Date "2008.09.13"]
[Round "8"]
[White "Szymanski, Marcin"]
[Black "Fraczek, Daniel"]
[Result "1-0"]
[WhiteElo "2412"]
[BlackElo "2351"]
[PlyCount "95"]
[EventDate "2008.09.06"]
[EventType "team-swiss"]
[EventRounds "9"]
[EventCountry "POL"]
[SourceTitle "EXT 2019"]
[Source "ChessBase"]
[SourceDate "2018.10.10"]
[SourceVersion "1"]
[SourceVersionDate "2018.10.10"]
[SourceQuality "1"]
[WhiteTeam "Suwalki Hancza"]
[BlackTeam "Rzeszow Zelmer"]
[WhiteTeamCountry "POL"]
[BlackTeamCountry "POL"]

1. d4 Nf6 2. c4 g6 3. Nc3 Bg7 4. e4 d6 5. Nf3 0-0 6. Be2 Nbd7 7. 0-0 e5 8. Re1 c6 9. Bf1 Ng4 10. h3 exd4 11. Nxd4 Qb6 12. Qxg4 Bxd4 13. Qe2 Re8 14. Bf4 Be5 15. Be3 Qc7 16. Qc2 Nc5 17. b4 Ne6 18. Rad1 a5 19. b5 Qe7 20. Na4 Qf6 21. Nb6 Rb8 22. Rb1 Qg7 23. Red1 Bd4 24. Qd2 Bxe3 25. Qxe3 Nc5 26. f3 Qe5 27. Qd2 f5 28. Nxc8 Rbxc8 29. exf5 Qxf5 30. Qxd6 Re3 31. bxc6 Rxc6 32. Qb8+ Rc8 33. Rd8+ Rxd8 34. Qxd8+ Kf7 35. Rb5 Re5 36. Qc7+ Kf6 37. Qxa5 Qf4 38. Qd8+ Kg7 39. Rb1 h5 40. Kh1 h4 41. Rd1 Qg3 42. Qc7+ Kh6 43. Qf7 Ne6 44. Qf6 Qf4 45. Qh8+ Kg5 46. Qb8 Ng7 47. Qd8+ Qf6 48. f4+ 1-0

[Event "POL-chT 64th"]
[Site "Karpacz"]
[Date "2008.09.08"]
[Round "3"]
[White "Szymanski, Marcin"]
[Black "Gdanski, Jacek"]
[Result "0-1"]
[WhiteElo "2412"]
[BlackElo "2523"]
[PlyCount "102"]
[EventDate "2008.09.06"]
[EventType "team-swiss"]
[EventRounds "9"]
[EventCountry "POL"]
[SourceTitle "EXT 2019"]
[Source "ChessBase"]
[SourceDate "2018.10.10"]
[SourceVersion "1"]
[SourceVersionDate "2018.10.10"]
[SourceQuality "1"]
[WhiteTeam "Suwalki Hancza"]
[BlackTeam "Katowice Hetman Szopienice"]
[WhiteTeamCountry "POL"]
[BlackTeamCountry "POL"]

1. d4 Nf6 2. Bg5 Ne4 3. Bf4 c5 4. f3 Qa5+ 5. c3 Nf6 6. d5 Qb6 7. b3 g6 8. e4 d6 9. Bd3 Bg7 10. Ne2 0-0 11. Nd2 Nbd7 12. Nc4 Qc7 13. a4 b6 14. Qd2 Bb7 15. h4 a5 16. Rb1 b5 17. Ne3 c4 18. bxc4 bxa4 19. Nd4 Nc5 20. Bh2 e5 21. dxe6 fxe6 22. Bc2 e5 23. Ne2 Bh6 24. g4 Bxe3 25. Qxe3 Bc6 26. Bxe5 dxe5 27. Qxc5 Nd7 28. Qe3 Qa7 29. Qxa7 Rxa7 30. Kf2 Nc5 31. Ke3 Raf7 32. Rhf1 Bd7 33. g5 Bg4 34. Ng1 Be6 35. Rb6 Bxc4 36. Rd1 Rc8 37. Ra1 Bb3 38. Bxb3 axb3 39. Ne2 Rcf8 40. f4 exf4+ 41. Kd4 Rc8 42. e5 f3 43. Ng3 f2 44. Rf6 Rd7+ 45. Rd6 Ne6+ 46. Kd5 Nc7+ 47. Kc6 Rxd6+ 48. Kxd6 Nb5+ 49. Kd7 Rc7+ 50. Kd8 Rxc3 51. Ne4 b2 0-1

[Event "POL-chT 64th"]
[Site "Karpacz"]
[Date "2008.09.06"]
[Round "1"]
[White "Szymanski, Marcin"]
[Black "Miroslaw, Michal"]
[Result "1-0"]
[WhiteElo "2412"]
[BlackElo "2316"]
[PlyCount "107"]
[EventDate "2008.09.06"]
[EventType "team-swiss"]
[EventRounds "9"]
[EventCountry "POL"]
[SourceTitle "EXT 2019"]
[Source "ChessBase"]
[SourceDate "2018.10.10"]
[SourceVersion "1"]
[SourceVersionDate "2018.10.10"]
[SourceQuality "1"]
[WhiteTeam "Suwalki Hancza"]
[BlackTeam "Lublin Drakon SKOK Chmielewskiego"]
[WhiteTeamCountry "POL"]
[BlackTeamCountry "POL"]

1. d4 d5 2. c4 e5 3. e3 exd4 4. exd4 c6 5. Nc3 Nf6 6. Bg5 Be7 7. Nf3 Be6 8. c5 Nbd7 9. Bd3 Ne4 10. Bf4 Nxc3 11. bxc3 b6 12. cxb6 axb6 13. a4 0-0 14. h3 Ra7 15. 0-0 Qa8 16. Bc2 Rc8 17. Rb1 c5 18. Re1 Bf6 19. Bg5 Qc6 20. Bxf6 Nxf6 21. dxc5 Qxc5 22. Nd4 Bd7 23. Re3 Ne4 24. Bxe4 dxe4 25. Rb4 h6 26. Qb3 Qa5 27. Rxe4 Bxa4 28. Qb2 Bd7 29. Rxb6 Qxc3 30. Qxc3 Rxc3 31. Rb8+ Kh7 32. Re7 Rd3 33. Nf3 Rd1+ 34. Kh2 Ra2 35. Rxf7 Be6 36. Rff8 Rxf2 37. Ng5+ hxg5 38. Rxf2 g4 39. Re2 Bd5 40. hxg4 Kg6 41. Rb6+ Kg5 42. Rb5 Kh6 43. Re5 Bc4 44. Rb6+ g6 45. Rh5+ Kg7 46. Rb7+ Kf6 47. Rc5 Bd5 48. Rb6+ Kg7 49. g5 Bf7 50. Rc7 Rf1 51. Rb3 Rc1 52. Rxc1 Bxb3 53. Rc7+ Kf8 54. Kg3 1-0

[Event "Warsaw AIG Life rapid 7th"]
[Site "Warsaw"]
[Date "2007.12.15"]
[Round "6"]
[White "Makovskis, Georgijs"]
[Black "Szymanski, Marcin"]
[Result "1/2-1/2"]
[WhiteElo "2250"]
[BlackElo "2415"]
[PlyCount "119"]
[EventDate "2007.12.15"]
[EventType "swiss (rapid)"]
[EventRounds "13"]
[EventCountry "POL"]
[SourceTitle "CBM 121 Extra"]
[Source "ChessBase"]
[SourceDate "2008.01.10"]
[SourceVersion "1"]
[SourceVersionDate "2008.01.10"]
[SourceQuality "1"]

1. e4 e6 2. g3 d5 3. exd5 exd5 4. Bg2 Nf6 5. d4 Bd6 6. Nf3 0-0 7. 0-0 h6 8. c4 dxc4 9. Nbd2 Be6 10. Qc2 Nc6 11. Nxc4 Nb4 12. Qe2 Re8 13. Nxd6 Qxd6 14. Bf4 Qb6 15. a3 Bh3 16. Qd2 Bxg2 17. Kxg2 Nbd5 18. Rfe1 Ne4 19. Qc1 Nxf4+ 20. Qxf4 Qxb2 21. Ne5 Nd6 22. Rac1 Qb6 23. Rb1 Qa5 24. Rec1 f6 25. Ng4 Qd5+ 26. Kg1 Re4 27. Ne3 Qh5 28. g4 Qg6 29. Qg3 Rxd4 30. Rb4 Rxb4 31. axb4 Qf7 32. Qf4 Re8 33. Qd4 a6 34. h3 Nb5 35. Qf4 Nd6 36. Qd4 Qe6 37. Qd3 Nb5 38. Rd1 h5 39. Qg6 Nd6 40. Nd5 hxg4 41. hxg4 Rc8 42. Rd3 Qf7 43. Qxf7+ Kxf7 44. Nxc7 Rxc7 45. Rxd6 Re7 46. Rb6 Rc7 47. Kg2 Kg6 48. Kg3 Kg5 49. f4+ Kg6 50. Kh4 Re7 51. f5+ Kh6 52. g5+ Kh7 53. gxf6 gxf6 54. Kh5 Kg7 55. Rd6 Kf7 56. Rb6 Rd7 57. Kh6 Rc7 58. Kh7 Rd7 59. Kh6 Rc7 60. Kh7 1/2-1/2

[Event "Warsaw AIG Life rapid 7th"]
[Site "Warsaw"]
[Date "2007.12.15"]
[Round "7"]
[White "Szymanski, Marcin"]
[Black "Korosciel, Aneta"]
[Result "1-0"]
[WhiteElo "2415"]
[BlackElo "2081"]
[PlyCount "41"]
[EventDate "2007.12.15"]
[EventType "swiss (rapid)"]
[EventRounds "13"]
[EventCountry "POL"]
[SourceTitle "CBM 121 Extra"]
[Source "ChessBase"]
[SourceDate "2008.01.10"]
[SourceVersion "1"]
[SourceVersionDate "2008.01.10"]
[SourceQuality "1"]

1. Nc3 Nf6 2. Nf3 d5 3. d4 e6 4. Bg5 Be7 5. Bxf6 Bxf6 6. e4 dxe4 7. Nxe4 b6 8. Bd3 Bb7 9. c3 Nd7 10. Qe2 0-0 11. 0-0-0 Qc8 12. h4 Be7 13. Bc2 c5 14. Nfg5 Ba6 15. Qh5 h6 16. Nh7 f5 17. Nxf8 Qxf8 18. dxc5 Nxc5 19. Nxc5 Bxc5 20. Bb3 Qe8 21. Qxf5 1-0

[Event "Warsaw AIG Life rapid 7th"]
[Site "Warsaw"]
[Date "2007.12.15"]
[Round "5"]
[White "Szymanski, Marcin"]
[Black "Lewandowski, Rafal"]
[Result "1-0"]
[WhiteElo "2415"]
[BlackElo "2190"]
[PlyCount "41"]
[EventDate "2007.12.15"]
[EventType "swiss (rapid)"]
[EventRounds "13"]
[EventCountry "POL"]
[SourceTitle "CBM 121 Extra"]
[Source "ChessBase"]
[SourceDate "2008.01.10"]
[SourceVersion "1"]
[SourceVersionDate "2008.01.10"]
[SourceQuality "1"]

1. Nc3 d5 2. e4 dxe4 3. Nxe4 e5 4. Bc4 Be7 5. Nf3 Nd7 6. d3 h6 7. 0-0 Ngf6 8. Ng3 0-0 9. Re1 Bd6 10. Bd2 Re8 11. Bc3 c6 12. a4 Qc7 13. Nf5 Bc5 14. d4 exd4 15. Rxe8+ Nxe8 16. N3xd4 Ndf6 17. Qf3 Nd6 18. Nxh6+ gxh6 19. Qxf6 Nxc4 20. Nf5 Kf8 21. Qh8# 1-0

[Event "Najdorf Memorial op-A"]
[Site "Grodzisk Mazowiecki"]
[Date "2007.07.26"]
[Round "7"]
[White "Strzemiecki, Zbigniew"]
[Black "Szymanski, Marcin"]
[Result "0-1"]
[WhiteElo "2306"]
[BlackElo "2429"]
[PlyCount "60"]
[EventDate "2007.07.20"]
[EventType "swiss"]
[EventRounds "9"]
[EventCountry "POL"]
[SourceTitle "CBM 119 Extra"]
[Source "ChessBase"]
[SourceDate "2007.09.04"]
[SourceVersion "1"]
[SourceVersionDate "2007.09.04"]
[SourceQuality "1"]

1. e4 e6 2. d4 d5 3. Nc3 Bb4 4. exd5 exd5 5. Bd3 Nc6 6. Nge2 Nge7 7. Bf4 Be6 8. Qd2 a6 9. f3 Qd7 10. 0-0-0 0-0-0 11. a3 Bd6 12. Bxd6 Qxd6 13. Na4 Bf5 14. Nc5 Rhe8 15. g3 g6 16. g4 Bxd3 17. Qxd3 Na5 18. b3 Nec6 19. Rde1 Re7 20. Qd2 b6 21. Nd3 Qxa3+ 22. Kd1 Rde8 23. h4 Qd6 24. Qh6 Qa3 25. Qd2 Re6 26. h5 Re3 27. Nec1 Rxe1+ 28. Rxe1 Rxe1+ 29. Nxe1 Qa1 30. c3 Nxb3 0-1

[Event "Najdorf Memorial op-A"]
[Site "Grodzisk Mazowiecki"]
[Date "2007.07.20"]
[Round "1"]
[White "Szymanski, Marcin"]
[Black "Gluszko, Tomasz"]
[Result "1/2-1/2"]
[WhiteElo "2429"]
[BlackElo "2119"]
[PlyCount "30"]
[EventDate "2007.07.20"]
[EventType "swiss"]
[EventRounds "9"]
[EventCountry "POL"]
[SourceTitle "CBM 119 Extra"]
[Source "ChessBase"]
[SourceDate "2007.09.04"]
[SourceVersion "1"]
[SourceVersionDate "2007.09.04"]
[SourceQuality "1"]

1. Nc3 d5 2. e4 dxe4 3. Nxe4 e5 4. Bc4 f5 5. Nc3 Nf6 6. d3 Bd6 7. Nf3 Qe7 8. Qe2 Nc6 9. Bg5 Be6 10. Bb5 Bf7 11. Nh4 g6 12. Qf3 0-0 13. Bxc6 bxc6 14. Qxc6 Rab8 15. 0-0 Rxb2 1/2-1/2